000 00647nam a22002175i 4500
001 175865
003 ES-MaACL
005 20240126063025.0
008 101126s1925 fr |||| | fre d
080 _a821.133.1-31"19"
100 1 _aProust, Marcel,
_d1871-1922
_994056
245 1 2 _aAlbertine disparue /
_cMarcel Proust.
250 _a23e éd.
260 _aParis :
_bGallimard,
_c1925.
300 _a213 p. ;
_c20 cm.
490 1 _aÀ la recherche du temps perdu ;
_v7
546 _aTexto en francés.
830 0 _aÀ la recherche du temps perdu ;
_v7
_9223930
852 _aES-MaACL
_jE-13687
999 _c175865
_d175865